<?xml version="1.0" encoding="UTF-8"?>
<record
    xmlns:xsi="http://www.w3.org/2001/XMLSchema-instance"
    xsi:schemaLocation="http://www.loc.gov/MARC21/slim http://www.loc.gov/standards/marcxml/schema/MARC21slim.xsd"
    xmlns="http://www.loc.gov/MARC21/slim">

  <leader>00381nam a22001457a 4500</leader>
  <controlfield tag="003">LRUA</controlfield>
  <controlfield tag="005">20231106220731.0</controlfield>
  <controlfield tag="008">231106b        xxu||||| |||| 00| 0 eng d</controlfield>
  <datafield tag="040" ind1=" " ind2=" ">
    <subfield code="c">DLC</subfield>
  </datafield>
  <datafield tag="082" ind1=" " ind2=" ">
    <subfield code="2">JUN CUS 2001 C073 Or.</subfield>
  </datafield>
  <datafield tag="245" ind1=" " ind2=" ">
    <subfield code="a">CUSTOMS AND TRADE RELATED INTERNATIONAL DOCUMENTS</subfield>
  </datafield>
  <datafield tag="260" ind1=" " ind2=" ">
    <subfield code="a">JUNE </subfield>
    <subfield code="b">CUSTOMS AND EXCISE DEPATMENT</subfield>
    <subfield code="c">2001</subfield>
  </datafield>
  <datafield tag="300" ind1=" " ind2=" ">
    <subfield code="a">358P</subfield>
  </datafield>
  <datafield tag="942" ind1=" " ind2=" ">
    <subfield code="2">ddc</subfield>
    <subfield code="c">EK</subfield>
  </datafield>
  <datafield tag="999" ind1=" " ind2=" ">
    <subfield code="c">22125</subfield>
    <subfield code="d">22125</subfield>
  </datafield>
  <datafield tag="952" ind1=" " ind2=" ">
    <subfield code="0">0</subfield>
    <subfield code="1">0</subfield>
    <subfield code="2">ddc</subfield>
    <subfield code="4">0</subfield>
    <subfield code="6">JUN_CUS_2001_000000000000000_C073_OR</subfield>
    <subfield code="7">0</subfield>
    <subfield code="9">96367</subfield>
    <subfield code="a">LBC</subfield>
    <subfield code="b">LBC</subfield>
    <subfield code="c">C073</subfield>
    <subfield code="d">2023-11-06</subfield>
    <subfield code="o">JUN CUS 2001 C073 Or.</subfield>
    <subfield code="p">a24558</subfield>
    <subfield code="r">2023-11-06</subfield>
    <subfield code="w">2023-11-06</subfield>
    <subfield code="y">EK</subfield>
  </datafield>
  <datafield tag="952" ind1=" " ind2=" ">
    <subfield code="0">0</subfield>
    <subfield code="1">0</subfield>
    <subfield code="2">ddc</subfield>
    <subfield code="4">0</subfield>
    <subfield code="6">JUN_CUS_2001_000000000000000_C073_OR</subfield>
    <subfield code="7">0</subfield>
    <subfield code="9">96368</subfield>
    <subfield code="a">LBC</subfield>
    <subfield code="b">LBC</subfield>
    <subfield code="c">C073</subfield>
    <subfield code="d">2023-11-06</subfield>
    <subfield code="o">JUN CUS 2001 C073 Or.</subfield>
    <subfield code="p">a26575</subfield>
    <subfield code="r">2023-11-06</subfield>
    <subfield code="w">2023-11-06</subfield>
    <subfield code="y">EK</subfield>
  </datafield>
  <datafield tag="952" ind1=" " ind2=" ">
    <subfield code="0">0</subfield>
    <subfield code="1">0</subfield>
    <subfield code="2">ddc</subfield>
    <subfield code="4">0</subfield>
    <subfield code="6">JUN_CUS_2001_000000000000000_C073_OR</subfield>
    <subfield code="7">0</subfield>
    <subfield code="9">96369</subfield>
    <subfield code="a">LBC</subfield>
    <subfield code="b">LBC</subfield>
    <subfield code="c">C073</subfield>
    <subfield code="d">2023-11-06</subfield>
    <subfield code="o">JUN CUS 2001 C073 Or.</subfield>
    <subfield code="p">a26762</subfield>
    <subfield code="r">2023-11-06</subfield>
    <subfield code="w">2023-11-06</subfield>
    <subfield code="y">EK</subfield>
  </datafield>
  <datafield tag="952" ind1=" " ind2=" ">
    <subfield code="0">0</subfield>
    <subfield code="1">0</subfield>
    <subfield code="2">ddc</subfield>
    <subfield code="4">0</subfield>
    <subfield code="6">JUN_CUS_2001_000000000000000_C073_OR</subfield>
    <subfield code="7">0</subfield>
    <subfield code="9">96370</subfield>
    <subfield code="a">LBC</subfield>
    <subfield code="b">LBC</subfield>
    <subfield code="c">C073</subfield>
    <subfield code="d">2023-11-06</subfield>
    <subfield code="o">JUN CUS 2001 C073 Or.</subfield>
    <subfield code="p">a26632</subfield>
    <subfield code="r">2023-11-06</subfield>
    <subfield code="w">2023-11-06</subfield>
    <subfield code="y">EK</subfield>
  </datafield>
  <datafield tag="952" ind1=" " ind2=" ">
    <subfield code="0">0</subfield>
    <subfield code="1">0</subfield>
    <subfield code="2">ddc</subfield>
    <subfield code="4">0</subfield>
    <subfield code="6">JUN_CUS_2001_000000000000000_C073_OR</subfield>
    <subfield code="7">0</subfield>
    <subfield code="9">96371</subfield>
    <subfield code="a">LBC</subfield>
    <subfield code="b">LBC</subfield>
    <subfield code="c">C073</subfield>
    <subfield code="d">2023-11-06</subfield>
    <subfield code="o">JUN CUS 2001 C073 Or.</subfield>
    <subfield code="p">a26413</subfield>
    <subfield code="r">2023-11-06</subfield>
    <subfield code="w">2023-11-06</subfield>
    <subfield code="y">EK</subfield>
  </datafield>
</record>
